FCB Quizz - Estadísticas

Estadísticas generales
  • Esta prueba ha sido intentada 93 veces
  • La puntuación promedio es 10 de 12
Estadísticas de respuestas
Hint Respuesta % Correcto
¿Cuántas Champions League ha ganado el FCB? 5
98%
¿Quién es el máximo rival del FCB? Madrid
98%
¿Cuál es el máximo goleador de la historia del FCB? Messi
96%
¿En qué año ganó el FCB su único “Sextete”? 2009
93%
¿A cuántas finales de Champions ha llegado el FCB? 8
93%
¿En qué año se fundó el club? 1899
88%
¿Cuál es el mejor entrenador que ha pasado por el FCB? Guardiola
88%
¿Cuál es el mejor mediocampista que ha jugado en el FCB? Xavi
88%
¿En qué año ganó el FCB su primera UEFA Champions League? 1992
85%
¿A qué equipo le ha ganado más finales de Champions League el FCB? Manchester united
80%
¿Cuál fue el fichaje más caro de la historia del FCB? Neymar
65%
¿Contra qué equipo disputo el FCB su primera final de Champions League? Benfica
43%
No se encontraron pruebas coincidentes
Distribución de puntuación
Porcentaje de gente con cada puntuación
Porcentaje por número respondido
Historial de tus puntuaciones
No has intentado esta prueba.